Warframe Melee Weapons - Statistics

General Stats
  • This quiz has been taken 17 times
    15 since last reset
  • The average score is 45 of 206
Answer Stats
Answer % Correct
Bo
71%
Skana
71%
Ether Daggers
57%
Glaive
57%
Redeemer
57%
Redeemer Prime
57%
Stropha
57%
Bo Prime
43%
Broken War
43%
Ceramic Dagger
43%
Dex Nikana
43%
Dragon Nikana
43%
Dual Heat Swords
43%
Dual Skana
43%
Dual Zoren
43%
Fang
43%
Fang Prime
43%
Fragor
43%
Furax
43%
Furax Wraith
43%
Glaive Prime
43%
Gunsen
43%
Gunsen Prime
43%
Hate
43%
Lesion
43%
Magistar
43%
Masseter
43%
Masseter Prime
43%
Mire
43%
Nikana
43%
Quassus
43%
Quassus Prime
43%
Silva & Aegis
43%
Tatsu
43%
Tatsu Prime
43%
Xoris
43%
Ack & Brunt
29%
Amanata
29%
Ankyros
29%
Atterax
29%
Boltace
29%
Broken Scepter
29%
Cassowar
29%
Caustacyst
29%
Cerata
29%
Cobra & Crane
29%
Dakra Prime
29%
Dark Dagger
29%
Dark Split Sword
29%
Dark Sword
29%
Dex Dakra
29%
Dual Ether
29%
Dual Keres
29%
Dual Keres Prime
29%
Dual Zoren Prime
29%
Edun
29%
Ether Sword
29%
Falcor
29%
Fragor Prime
29%
Galatine
29%
Gram
29%
Gram Prime
29%
Guandao
29%
Guandao Prime
29%
Harmony
29%
Heat Dagger
29%
Heat Sword
29%
Hirudo
29%
Innodem
29%
Jat Kittag
29%
Karyst
29%
Kronen
29%
Kronen Prime
29%
MK1 Bo
29%
MK1 Furax
29%
Nikana Prime
29%
Okina
29%
Okina Prime
29%
Orthos
29%
Orthos Prime
29%
Pathocyst
29%
Pennant
29%
Praedos
29%
Reaper Prime
29%
Ruvox
29%
Sancti Magistar
29%
Sarofang
29%
Sarpa
29%
Scindo
29%
Scindo Prime
29%
Serro
29%
Sigma & Octantis
29%
Silva & Aegis Prime
29%
Skana Prime
29%
Skiajati
29%
Telos Boltace
29%
Tipedo
29%
Tipedo Prime
29%
Vastilok
29%
Venka
29%
Venka Prime
29%
Zenistar
29%
Amphis
14%
Anku
14%
Ankyros Prime
14%
Argo & Vel
14%
Arum Spinosa
14%
Ceti Lacera
14%
Cobra & Crane Prime
14%
Corufell
14%
Cronus
14%
Dorrclave
14%
Dual Cleavers
14%
Dual Ichor
14%
Ether Reaper
14%
Galatine Prime
14%
Galvacord
14%
Hespar
14%
Jat Kusar
14%
Jaw Sword
14%
Karyst Prime
14%
Keratinos
14%
Kestrel
14%
Kogake
14%
Kogake Prime
14%
Korrudo
14%
Korumm
14%
Krohkur
14%
Lecta
14%
Machete
14%
Machete Wraith
14%
Mios
14%
Nepheri
14%
Ninkondi
14%
Ninkondi Prime
14%
Obex
14%
Ohma
14%
Orvius
14%
Pangolin Prime
14%
Pangolin Sword
14%
Paracesis
14%
Plasma Sword
14%
Prisma Dual Cleavers
14%
Prisma Machete
14%
Prisma Obex
14%
Prisma Ohma
14%
Pulmonars
14%
Pupacyst
14%
Rakta Dark Dagger
14%
Ripkas
14%
Rumblejack
14%
Shaku
14%
Sibear
14%
Slaytra
14%
Sun & Moon
14%
Syam
14%
Sydon
14%
Tekko
14%
Tekko Prime
14%
Tenet Exec
14%
Tenet Grigori
14%
Tenet Livia
14%
Twin Basolk
14%
Vaykor Sydon
14%
Venato
14%
Verdilac
14%
Volnus
14%
War
14%
Arca Titron
0%
Azothane
0%
Cadus
0%
Destreza
0%
Destreza Prime
0%
Dual Kamas
0%
Dual Kamas Prime
0%
Dual Raza
0%
Ekhein
0%
Endura
0%
Gazal Machete
0%
Ghoulsaw
0%
Halikar
0%
Halikar Wraith
0%
Heliocor
0%
Kama
0%
Kesheg
0%
Kreska
0%
Kuva Shildeg
0%
Lacera
0%
Nami Skyla
0%
Nami Skyla Prime
0%
Nami Solo
0%
Prisma Skana
0%
Prova
0%
Prova Vandal
0%
Sampotes
0%
Scoliac
0%
Secura Lecta
0%
Sheev
0%
Synoid Heliocor
0%
Tenet Agendus
0%
Tonbo
0%
Twin Krohkur
0%
Vericres
0%
Vitrica
0%
Volnus Prime
0%
Wolf Sledge
0%
No matching quizzes found
Score Distribution
Percent of People with Each Score
Percentile by Number Answered
Your Score History
You have not taken this quiz since the last reset